Flaggen mit Symbolen - Statistiken

Allgemein
  • Dieses Quiz wurde 41 mal gespielt
  • Das Durchschnittsergebnis liegt bei 48 aus 61
Antwortstatistiken
Bildquiz Antwort % Korrekt
Argentinien
100%
Libanon
97%
Portugal
97%
Spanien
97%
Uruguay
97%
Albanien
94%
Iran
94%
Kanada
94%
Kroatien
94%
San Marino
94%
Saudi-Arabien
94%
Slowakei
94%
Sri Lanka
94%
Ägypten
91%
Liechtenstein
91%
Nepal
91%
Slowenien
91%
Vatikanstadt
91%
Angola
89%
Malta
89%
Serbien
89%
Südkorea
89%
Uganda
89%
Ecuador
86%
Mexiko
86%
Paraguay
86%
Andorra
83%
Bhutan
83%
Costa Rica
83%
Kasachstan
83%
Kenia
83%
Montenegro
83%
Moldawien
80%
Nicaragua
80%
Kambodscha
77%
Kirgisistan
77%
Barbados
74%
Haiti
74%
Mongolei
74%
Philippinen
74%
Dominikanische Republik
71%
Kiribati
71%
Lesotho
71%
Papua Neu-Guinea
71%
Fidschi
69%
Turkmenistan
69%
El Salvador
66%
Guatemala
66%
Brunei
63%
Oman
63%
Dominica
60%
Königreich Eswatini
60%
Mosambik
60%
Tadschikistan
60%
Belize
57%
Eritrea
54%
Grenada
54%
Malawi
51%
Sambia
51%
Vanuatu
51%
Simbabwe
49%
Keine übereinstimmenden Quizze gefunden
Verteilung der Resultate
Anzahl Personen mit jedem Resultat
Perzentil nach korrekt beantworteten Fragen
Ihre Resultats-Entwicklung
Sie haben dieses Quiz noch nicht gespielt